Guillermo Carey (Record no. 23701)

MARC details
000 -LEADER
campo de control de longitud fija 00495ntaaa2200193 4500
003 - IDENTIFICADOR DE NÚMERO DE CONTROL
campo de control 01
005 - FECHA Y HORA DE LA ÚLTIMA TRANSACCIÓN
campo de control 20251027202829.0
008 - DATOS DE LONGITUD FIJA--INFORMACIÓN GENERAL
campo de control de longitud fija 0714s1973 ag 01
040 ## - FUENTE DE CATALOGACIÓN
Centro catalogador/agencia de origen AR-BaBN
Lengua de catalogación spa
Centro/agencia transcriptor AR-BaBN
Normas de descripción aacr
Centro/agencia modificador RIC
082 ## - NÚMERO DE LA CLASIFICACIÓN DECIMAL DEWEY
Número de clasificación 922.0000 C89
100 ## - ENTRADA PRINCIPAL--NOMBRE DE PERSONA
Nombre de persona Culross, Santiago
9 (RLIN) 28907
245 ## - MENCIÓN DEL TÍTULO
Título Guillermo Carey
250 ## - MENCION DE EDICION
Mención de edición 1 ed.
260 ## - PUBLICACIÓN, DISTRIBUCIÓN, ETC.
Lugar de publicación, distribución, etc. El Paso :
Nombre del editor, distribuidor, etc. Casa Bautista de Publicaciones,
Fecha de publicación, distribución, etc. c1924
300 ## - DESCRIPCIÓN FÍSICA
Extensión 172 p
650 ## - PUNTO DE ACCESO ADICIONAL DE MATERIA--TÉRMINO DE MATERIA
Término de materia o nombre geográfico como elemento de entrada Carey, Guillermo
9 (RLIN) 28908
650 ## - PUNTO DE ACCESO ADICIONAL DE MATERIA--TÉRMINO DE MATERIA
Término de materia o nombre geográfico como elemento de entrada biografía-Carey
9 (RLIN) 28909
942 ## - ELEMENTOS DE ENTRADA SECUNDARIOS (KOHA)
Tipo de ítem Koha Colección General
Holdings
Estatus retirado Estado de pérdida Estado de daño No para préstamo Biblioteca de origen Biblioteca actual Fecha de adquisición Número de inventario Total de préstamos Signatura topográfica completa Código de barras Visto por última vez Precio de reemplazo Tipo de ítem Koha
        Biblioteca Pluis Biblioteca Pluis 27/10/2025 04334   922.0000 C89 04334 27/10/2025 27/10/2025 Colección General
        Biblioteca Pluis Biblioteca Pluis 27/10/2025 04335     04335 27/10/2025 27/10/2025 Colección General
        Biblioteca Pluis Biblioteca Pluis 27/10/2025 04336     04336 27/10/2025 27/10/2025 Colección General
        Biblioteca Pluis Biblioteca Pluis 27/10/2025 04337     04337 27/10/2025 27/10/2025 Colección General
        Biblioteca Pluis Biblioteca Pluis 27/10/2025 04605     04605 27/10/2025 27/10/2025 Colección General
        Biblioteca Pluis Biblioteca Pluis 27/10/2025 05344     05344 27/10/2025 27/10/2025 Colección General
        Biblioteca Pluis Biblioteca Pluis 27/10/2025 09761     09761 27/10/2025 27/10/2025 Colección General
        Biblioteca Pluis Biblioteca Pluis 27/10/2025 19826     19826 27/10/2025 27/10/2025 Colección General